[Event "2022 Harris Edwardes Interclub Competition (Division B)"]
[Site "Leeming, Perth WA AUS"]
[Date "2022.08.21"]
[Round "1"]
[White "Koh, Shannon"]
[Black "Plaganyi, Gyula"]
[Result "1/2-1/2"]
[EventDate "2022.08.21"]
[EventRounds "4"]
[EventType "team"]
[Section "Division B (Major): U1950"]
[Stage "Preliminary Rounds: Group 1"]
[Board "1"]
[TimeControl "3600+10"]
[WhiteElo "1800"]
[BlackElo "1903"]
[BlackTitle "CM"]
[WhiteTeam "Kingsley Chess Club B"]
[BlackTeam "Perth Chess Club B1"]
[PlyCount "131"]

1. e4 c5 2. c3 g6 3. d4 cxd4 4. cxd4 d5 5. Nc3 dxe4 6. Nxe4 Bg7 7. Nf3 Nf6 8.
Nxf6+ Bxf6 9. Be3 O-O 10. h3 Qa5+ 11. Bd2 Qb6 12. Bc3 Be6 13. Qd2 Bd5 14. Be2
Nc6 15. O-O Rac8 16. Ne5 Rfd8 17. Nxc6 Qxc6 18. f3 e6 19. Rfd1 Rd7 20. a4 a6
21. Qf4 Bg7 22. a5 Bc4 23. d5 Qc5+ 24. Kf1 Bxe2+ 25. Kxe2 Bxc3 26. dxe6 Re7 27.
bxc3 Rxe6+ 28. Kf1 Qb5+ 29. Kg1 Rxc3 30. Rd8+ Kg7 31. Qd4+ Qe5 32. Qxe5+ Rxe5
33. Rb1 Rc7 34. Rb8 Ree7 35. Kf2 Kf6 36. Rb6+ Ke5 37. g4 f5 38. Rb4 fxg4 39.
hxg4 Rf7 40. Re4+ Kf6 41. Rf4+ Kg7 42. Rxf7+ Kxf7 43. g5 Ke6 44. Ke3 Kd5 45.
Re8 Kc4 46. Re5 Kb4 47. Ke4 Rc4+ 48. Kd3 Rc5 49. Re7 Kxa5 50. Rxb7 Rxg5 51.
Rxh7 Kb4 52. Ra7 a5 53. Ke4 Ka3 54. f4 Rf5 55. Ra6 a4 56. Rxg6 Rb5 57. Ra6 Kb3
58. f5 a3 59. f6 a2 60. f7 Rb8 61. Kf5 Kb2 62. Kf6 a1=Q 63. Rxa1 Kxa1 64. Kg7
Kb2 65. f8=Q Rxf8 66. Kxf8 1/2-1/2

[Event "2022 Harris Edwardes Interclub Competition (Division B)"]
[Site "Leeming, Perth WA AUS"]
[Date "2022.08.21"]
[Round "1"]
[White "Ong, Celine"]
[Black "Curthoys, Ned"]
[Result "1-0"]
[EventDate "2022.08.21"]
[EventRounds "4"]
[EventType "team"]
[Section "Division B (Major): U1950"]
[Stage "Preliminary Rounds: Group 1"]
[Board "2"]
[TimeControl "3600+10"]
[WhiteElo "1738"]
[BlackElo "1960"]
[WhiteTeam "Kingsley Chess Club B"]
[BlackTeam "Warwick Chess Club B"]
[PlyCount "85"]

1. e4 c6 2. d4 d5 3. exd5 cxd5 4. Bd3 Nf6 5. c3 Nc6 6. Bf4 g6 7. Nd2 Bg7 8.
Ngf3 Nh5 9. Bg3 Nxg3 10. hxg3 Rb8 11. Qc2 b5 12. a3 Qb6 13. Qb3 e6 14. Qc2 a5
15. b4 O-O 16. Ng5 h6 17. Bxg6 Nxd4 18. Bxf7+ Rxf7 19. Qh7+ Kf8 20. Nxf7 Kxf7
21. cxd4 Qxd4 22. Rc1 Qe5+ 23. Kf1 axb4 24. axb4 Bd7 25. Rxh6 Qf5 26. Qxf5+
exf5 27. Rd6 Rb7 28. Rxd5 Bf8 29. Nf3 Ke6 30. Rcd1 Bc6 31. Rd8 Bxf3 32. gxf3
Bxb4 33. g4 Be7 34. R8d3 b4 35. Rb3 Ke5 36. Kg2 Bc5 37. gxf5 Kf6 38. f4 Bf8 39.
Rd5 Bh6 40. Rd6+ Kg7 41. Rg3+ Kf7 42. Rxh6 b3 43. Rh7+ 1-0

[Event "2022 Harris Edwardes Interclub Competition (Division B)"]
[Site "Leeming, Perth WA AUS"]
[Date "2022.08.21"]
[Round "2"]
[White "Curthoys, Ned"]
[Black "Koh, Shannon"]
[Result "0-1"]
[EventDate "2022.08.21"]
[EventRounds "4"]
[EventType "team"]
[Section "Division B (Major): U1950"]
[Stage "Preliminary Rounds: Group 1"]
[Board "1"]
[TimeControl "3600+10"]
[WhiteElo "1960"]
[BlackElo "1800"]
[WhiteTeam "Warwick Chess Club B"]
[BlackTeam "Kingsley Chess Club B"]
[PlyCount "146"]

1. d4 Nf6 2. c4 g6 3. Nf3 Bg7 4. g3 O-O 5. Bg2 d5 6. cxd5 Nxd5 7. O-O Nc6 8.
Nc3 Nxc3 9. bxc3 e5 10. Ba3 Re8 11. e3 Be6 12. Qc2 Bc4 13. Rfd1 e4 14. Ne5 Bxe5
15. dxe5 Bd3 16. Qb3 Qc8 17. f4 exf3 18. Bxf3 Ba6 19. Bd5 Nxe5 20. Rd4 c6 21.
Bg2 Qe6 22. Qd1 Nc4 23. Re4 Qf5 24. Rf4 Qa5 25. Qd7 Ne5 26. Qd6 Qxc3 27. Rb1
Qxe3+ 28. Kh1 Nc4 29. Qc7 Qe6 30. Rbf1 Rac8 31. Bh3 Rxc7 32. Bxe6 Rxe6 33. Bc5
Ne3 34. Re1 Nd5 35. Rxe6 Nxf4 36. Re8+ Kg7 37. gxf4 b6 38. Bd6 Rd7 39. Bb8 Bc4
40. a3 Be6 41. Kg2 f6 42. h4 Bd5+ 43. Kf2 Kf7 44. Rh8 Ke6 45. Ke3 Kf5 46. Rf8
Re7+ 47. Kd4 Re4+ 48. Kd3 Ra4 49. Be5 Rxa3+ 50. Kd4 Ra4+ 51. Ke3 Re4+ 52. Kd3
Ra4 53. Rxf6+ Kg4 54. Rf8 Kxh4 55. Bf6+ Kg4 56. Bd8 h5 57. Bg5 h4 58. Rh8 h3
59. Rh4+ Kf5 60. Rh8 Ra3+ 61. Kd4 Ra4+ 62. Ke3 a5 63. Kf2 Bg2 64. Rf8+ Ke6 65.
Rf6+ Kd5 66. Rxg6 b5 67. f5 Rg4 68. Kg1 Be4+ 69. Kh2 Bxf5 70. Rg7 Rg2+ 71. Kh1
Be4 72. Rd7+ Kc4 73. Rg7 Rxg5+ 0-1

[Event "2022 Harris Edwardes Interclub Competition (Division B)"]
[Site "Leeming, Perth WA AUS"]
[Date "2022.08.21"]
[Round "2"]
[White "Ong, Celine"]
[Black "Hernandez Mendez, Iker"]
[Result "1-0"]
[EventDate "2022.08.21"]
[EventRounds "4"]
[EventType "team"]
[Section "Division B (Major): U1950"]
[Stage "Preliminary Rounds: Group 1"]
[Board "3"]
[TimeControl "3600+10"]
[WhiteElo "1738"]
[BlackElo "1826"]
[WhiteTeam "Kingsley Chess Club B"]
[BlackTeam "Perth Chess Club B1"]
[PlyCount "115"]

1. e4 c5 2. Nf3 d6 3. d4 cxd4 4. Nxd4 Nf6 5. Nc3 g6 6. f3 Bg7 7. Be3 O-O 8. Qd2
Nc6 9. O-O-O d5 10. Qe1 e5 11. Nxc6 bxc6 12. exd5 Nxd5 13. Bc4 Be6 14. Bc5 Re8
15. Ne4 Rb8 16. Bb3 f5 17. Nd6 Qg5+ 18. Kb1 Red8 19. g3 Bf8 20. Qxe5 Bf7 21.
Nxf7 Kxf7 22. Rxd5 cxd5 23. Bxd5+ Rxd5 24. Qxd5+ Kg7 25. Bd4+ Kh6 26. Qe5 Qd8
27. Qf4+ g5 28. Qe5 Qd6 29. Qxd6+ Bxd6 30. Bxa7 Re8 31. Rd1 Bc7 32. b4 Re2 33.
Rh1 Be5 34. b5 Kg6 35. b6 Bd4 36. Rd1 Bc5 37. Rd5 Ba3 38. Rd1 Re5 39. c4 Re2
40. Rd3 Bc5 41. Bb8 Re6 42. b7 Rb6+ 43. Rb3 Bb4 44. a3 Rxb7 45. Rxb4 Re7 46.
Rb2 Re3 47. c5 Rxf3 48. c6 Re3 49. c7 Re8 50. Rd2 Rc8 51. Rd8 Rxc7 52. Bxc7 h5
53. a4 h4 54. a5 f4 55. gxf4 g4 56. a6 g3 57. hxg3 h3 58. a7 1-0

[Event "2022 Harris Edwardes Interclub Competition (Division B)"]
[Site "Leeming, Perth WA AUS"]
[Date "2022.08.28"]
[Round "3"]
[White "Plaganyi, Gyula"]
[Black "Curthoys, Ned"]
[Result "1/2-1/2"]
[EventDate "2022.08.21"]
[EventRounds "4"]
[EventType "team"]
[Section "Division B (Major): U1950"]
[Stage "Preliminary Rounds: Group 1"]
[Board "1"]
[TimeControl "3600+10"]
[WhiteElo "1903"]
[WhiteTitle "CM"]
[BlackElo "1960"]
[WhiteTeam "Perth Chess Club B1"]
[BlackTeam "Warwick Chess Club B"]
[PlyCount "67"]

1. Nf3 d5 2. c4 c6 3. g3 Nf6 4. Bg2 g6 5. O-O Bg7 6. d4 O-O 7. Nc3 Nbd7 8. cxd5
cxd5 9. Bf4 Nb6 10. Nb5 Bd7 11. Bc7 Qc8 12. Bxb6 Bxb5 13. Bc5 Re8 14. a4 Ba6
15. Rc1 Qe6 16. Re1 Ne4 17. Ba3 Rac8 18. Rxc8 Rxc8 19. e3 Bf6 20. Nd2 Nxd2 21.
Qxd2 Qc6 22. b3 e6 23. Rc1 Qd7 24. Bf1 Bxf1 25. Kxf1 Rc6 26. Rxc6 Qxc6 27. Qc1
Qxc1+ 28. Bxc1 Be7 29. Ke2 Kg7 30. Kd3 Kf6 31. f3 Kf5 32. h4 h5 33. Bd2 Bd6 34.
Be1 1/2-1/2

[Event "2022 Harris Edwardes Interclub Competition (Division B)"]
[Site "Leeming, Perth WA AUS"]
[Date "2022.08.28"]
[Round "3"]
[White "Janceski, Alex"]
[Black "Koh, Shannon"]
[Result "1-0"]
[EventDate "2022.08.21"]
[EventRounds "4"]
[EventType "team"]
[Section "Division B (Major): U1950"]
[Stage "Preliminary Rounds: Group 1"]
[Board "2"]
[TimeControl "3600+10"]
[WhiteElo "1930"]
[BlackElo "1800"]
[WhiteTeam "Perth Chess Club B1"]
[BlackTeam "Kingsley Chess Club B"]
[PlyCount "120"]

1. d4 Nf6 2. c4 g6 3. Nc3 d5 4. e3 Bg7 5. h3 O-O 6. Nf3 Re8 7. Be2 dxc4 8. Bxc4
c5 9. O-O Nbd7 10. Re1 Qc7 11. Bd3 e5 12. dxe5 Nxe5 13. Nxe5 Qxe5 14. Qf3 Re7
15. Bc2 Rb8 16. e4 g5 17. Be3 Bd7 18. Rad1 Bc6 19. Nd5 Bxd5 20. exd5 Qd6 21.
Bxg5 Rxe1+ 22. Rxe1 Qxd5 23. Qf4 Re8 24. Rd1 Qe5 25. Qxe5 Rxe5 26. Rd8+ Ne8 27.
Be3 Bf8 28. Bb3 Kg7 29. Kf1 Nc7 30. Rb8 b6 31. Rb7 Ne6 32. Rxa7 b5 33. Bd2 Kg8
34. Ra8 c4 35. Bc2 Rd5 36. Bc3 h5 37. g3 Rd8 38. Rxd8 Nxd8 39. Bd1 h4 40. Bf6
Ne6 41. Bxh4 Bg7 42. b3 c3 43. Ke2 Bh6 44. Bf6 Kf8 45. Bxc3 Ke7 46. f4 Nc7 47.
Kf3 Nd5 48. Bd2 Bg7 49. g4 Kd6 50. h4 Nc3 51. Bxc3 Bxc3 52. Ke4 Ke6 53. g5 f5+
54. gxf6 Kxf6 55. h5 b4 56. Bg4 Bd2 57. Bd7 Bc3 58. Be8 Kg7 59. Kd3 Bf6 60. Ke4
Bc3 1-0

[Event "2022 Harris Edwardes Interclub Competition (Division B)"]
[Site "Leeming, Perth WA AUS"]
[Date "2022.08.21"]
[Round "1"]
[White "Gupta, Aarnav"]
[Black "Smith, Jonathan"]
[Result "0-1"]
[EventDate "2022.08.21"]
[EventRounds "4"]
[EventType "team"]
[Section "Division B (Major): U1950"]
[Stage "Preliminary Rounds: Group 2"]
[Board "1"]
[TimeControl "3600+10"]
[WhiteElo "1222"]
[BlackElo "1663"]
[WhiteTeam "Perth Chess Academy B"]
[BlackTeam "Perth Chess Club B2"]
[PlyCount "57"]

1. d4 d5 2. Nf3 Nf6 3. e3 Bg4 4. Be2 e6 5. b3 Bd6 6. Bb2 Nbd7 7. Nbd2 O-O 8.
O-O Rc8 9. Rc1 c6 10. c4 Re8 11. Re1 Bb8 12. h3 Bh5 13. Qc2 Bg6 14. Bd3 Nf8 15.
Bxg6 Nxg6 16. Qd3 Nd7 17. cxd5 exd5 18. Ba3 Nf6 19. Qc3 Qd7 20. Qd3 Ne4 21. Bb2
Qf5 22. Qe2 Nxd2 23. Nxd2 Nh4 24. Nf1 Re6 25. Ng3 Qg6 26. Kh2 Rce8 27. Rc3 f5
28. Qf1 f4 29. Ne2 0-1

[Event "2022 Harris Edwardes Interclub Competition (Division B)"]
[Site "Leeming, Perth WA AUS"]
[Date "2022.08.21"]
[Round "1"]
[White "Gupta, Anoushka"]
[Black "Soutar, Gavin"]
[Result "1-0"]
[EventDate "2022.08.21"]
[EventRounds "4"]
[EventType "team"]
[Section "Division B (Major): U1950"]
[Stage "Preliminary Rounds: Group 2"]
[Board "2"]
[TimeControl "3600+10"]
[WhiteElo "881"]
[BlackElo "1900"]
[WhiteTeam "Perth Chess Academy B"]
[BlackTeam "Southern Suburbs Chess Club B"]
[PlyCount "37"]

1. e4 c5 2. Nf3 d6 3. Nc3 Nc6 4. Bb5 Bd7 5. d4 cxd4 6. Nxd4 Nf6 7. f3 g6 8. Be3
Bg7 9. Bxc6 Bxc6 10. Ncb5 O-O 11. Nxa7 Qa5+ 12. Qd2 Rxa7 13. Nxc6 Qxd2+ 14.
Kxd2 Ra4 15. Nxe7+ Kh8 16. Nd5 Nxd5 17. exd5 Bxb2 18. Rab1 Rxa2 19. Rxb2 1-0

[Event "2022 Harris Edwardes Interclub Competition (Division B)"]
[Site "Leeming, Perth WA AUS"]
[Date "2022.08.21"]
[Round "1"]
[White "Bhatia, Abhay"]
[Black "McGinty, Aidan"]
[Result "1-0"]
[EventDate "2022.08.21"]
[EventRounds "4"]
[EventType "team"]
[Section "Division B (Major): U1950"]
[Stage "Preliminary Rounds: Group 2"]
[Board "3"]
[TimeControl "3600+10"]
[WhiteElo "1668"]
[BlackElo "1892"]
[WhiteTeam "Perth Chess Club B2"]
[BlackTeam "Southern Suburbs Chess Club B"]
[PlyCount "100"]

1. e4 d5 2. exd5 Qxd5 3. Nc3 Qa5 4. d3 c6 5. Bd2 Qc7 6. Nf3 Bg4 7. Be2 Nf6 8.
O-O e6 9. g3 Bd6 10. Ng5 Bf5 11. Nce4 Be5 12. c3 h6 13. Nxf6+ Bxf6 14. Ne4 Be5
15. Qc2 g5 16. d4 Bg7 17. Bd3 Nd7 18. Rfe1 O-O 19. Nc5 Bxd3 20. Qxd3 Nxc5 21.
dxc5 Rad8 22. Qc2 Rd5 23. b4 Rfd8 24. Be3 Rd3 25. Bd4 Bxd4 26. cxd4 R8xd4 27.
Rad1 Rxd1 28. Rxd1 Rxb4 29. Qc3 Re4 30. Qf6 Re5 31. Rd8+ Qxd8 32. Qxd8+ Kg7 33.
Qd4 f6 34. Qd7+ Kg6 35. Qxb7 Rxc5 36. Qxa7 Rc1+ 37. Kg2 c5 38. Qa3 Ra1 39. Qxc5
Rxa2 40. Qc4 Ra5 41. Qxe6 Re5 42. Qg8+ Kf5 43. Qh7+ Ke6 44. Qxh6 Kf5 45. h3 Re4
46. Qh7+ Ke5 47. g4 Rf4 48. Qe7+ Kd5 49. Kg3 Re4 50. Qxf6 Re5 1-0

[Event "2022 Harris Edwardes Interclub Competition (Division B)"]
[Site "Leeming, Perth WA AUS"]
[Date "2022.08.21"]
[Round "1"]
[White "Gough, Dylan"]
[Black "Rasulov, Bekzod"]
[Result "1/2-1/2"]
[EventDate "2022.08.21"]
[EventRounds "4"]
[EventType "team"]
[Section "Division B (Major): U1950"]
[Stage "Preliminary Rounds: Group 2"]
[Board "6"]
[TimeControl "3600+10"]
[WhiteElo "1710"]
[BlackElo "1548"]
[WhiteTeam "Southern Suburbs Chess Club B"]
[BlackTeam "Perth Chess Club B2"]
[PlyCount "62"]

1. d4 g6 2. c4 Nf6 3. Nc3 Bg7 4. b3 d6 5. Bb2 O-O 6. e3 Nbd7 7. Bd3 Re8 8. Nge2
e5 9. dxe5 Nxe5 10. Bc2 Bg4 11. h3 Bd7 12. Qd2 a6 13. O-O-O b5 14. c5 dxc5 15.
Ne4 Nxe4 16. Bxe4 Bc6 17. Bxc6 Qxd2+ 18. Rxd2 Nxc6 19. Bxg7 Kxg7 20. Nc3 Ne5
21. f4 Nc6 22. Nd5 Rac8 23. Re1 c4 24. bxc4 bxc4 25. Rc2 Re4 26. Nc3 Re6 27.
Nd5 Re4 28. Rb2 a5 29. a3 Nd4 30. Kd2 Rd8 31. exd4 Rxd4+ 1/2-1/2

[Event "2022 Harris Edwardes Interclub Competition (Division B)"]
[Site "Leeming, Perth WA AUS"]
[Date "2022.08.21"]
[Round "2"]
[White "Soutar, Gavin"]
[Black "Chen, Angus"]
[Result "0-1"]
[EventDate "2022.08.21"]
[EventRounds "4"]
[EventType "team"]
[Section "Division B (Major): U1950"]
[Stage "Preliminary Rounds: Group 2"]
[Board "1"]
[TimeControl "3600+10"]
[WhiteElo "1900"]
[BlackElo "1609"]
[WhiteTeam "Southern Suburbs Chess Club B"]
[BlackTeam "Perth Chess Academy B"]
[PlyCount "70"]

1. c4 e6 2. Nc3 d5 3. d4 Nf6 4. Nf3 c6 5. e3 Nbd7 6. Bd3 dxc4 7. Bxc4 b5 8. Bd3
a6 9. O-O Be7 10. b3 O-O 11. Bb2 Bb7 12. Rc1 c5 13. Qe2 Rc8 14. Rfd1 Qb6 15.
Ne5 Nxe5 16. dxe5 Nd5 17. Nxd5 Bxd5 18. e4 Bb7 19. Bb1 Rfd8 20. Rxd8+ Rxd8 21.
Rd1 Rxd1+ 22. Qxd1 Qc7 23. f4 c4 24. Qc2 Qb6+ 25. Kf1 Qc6 26. f5 exf5 27. exf5
Qh6 28. g3 Qc6 29. Bd4 Qh1+ 30. Ke2 Qxh2+ 31. Kd1 Bf3+ 32. Kc1 Ba3+ 33. Bb2
Qg1+ 34. Kd2 Qf2+ 35. Kc3 Qe3+ 0-1

[Event "2022 Harris Edwardes Interclub Competition (Division B)"]
[Site "Leeming, Perth WA AUS"]
[Date "2022.08.21"]
[Round "2"]
[White "McGinty, Aidan"]
[Black "Smith, Jonathan"]
[Result "0-1"]
[EventDate "2022.08.21"]
[EventRounds "4"]
[EventType "team"]
[Section "Division B (Major): U1950"]
[Stage "Preliminary Rounds: Group 2"]
[Board "2"]
[TimeControl "3600+10"]
[WhiteElo "1892"]
[BlackElo "1663"]
[WhiteTeam "Southern Suburbs Chess Club B"]
[BlackTeam "Perth Chess Club B2"]
[PlyCount "62"]

1. e4 c6 2. d4 d5 3. Nc3 dxe4 4. Nxe4 Nf6 5. Nxf6+ gxf6 6. Bf4 Bf5 7. Ne2 e6 8.
Ng3 Bg6 9. h4 h5 10. Be2 Nd7 11. Bxh5 Bxh5 12. Nxh5 Qa5+ 13. c3 Qxh5 14. g4 Qd5
15. f3 O-O-O 16. h5 e5 17. Be3 Bh6 18. Bf2 e4 19. c4 Qa5+ 20. Kf1 Qb4 21. Qc2
Nb6 22. c5 Qc4+ 23. Qe2 exf3 24. Qxc4 Nxc4 25. b4 Bf4 26. Rh3 Rde8 27. Kg1 Rhg8
28. Rxf3 Rxg4+ 29. Kh1 Nd2 30. Rh3 Re2 31. Bg1 Ne4 0-1

[Event "2022 Harris Edwardes Interclub Competition (Division B)"]
[Site "Leeming, Perth WA AUS"]
[Date "2022.08.21"]
[Round "2"]
[White "Gupta, Aarnav"]
[Black "Bhatia, Abhay"]
[Result "1-0"]
[EventDate "2022.08.21"]
[EventRounds "4"]
[EventType "team"]
[Section "Division B (Major): U1950"]
[Stage "Preliminary Rounds: Group 2"]
[Board "3"]
[TimeControl "3600+10"]
[WhiteElo "1222"]
[BlackElo "1668"]
[WhiteTeam "Perth Chess Academy B"]
[BlackTeam "Perth Chess Club B2"]
[PlyCount "109"]

1. d4 d5 2. Nf3 Nc6 3. e3 a6 4. b3 Bf5 5. Bd3 Bxd3 6. Qxd3 e6 7. O-O Nf6 8.
Nbd2 Nb4 9. Qc3 Bd6 10. a3 Nc6 11. Bb2 O-O 12. Qd3 h6 13. Rac1 Qe7 14. Ra1 Rad8
15. Rfe1 Nd7 16. c4 dxc4 17. Nxc4 Nf6 18. Nxd6 cxd6 19. Qc3 Ne4 20. Qc2 d5 21.
Nd2 Nxd2 22. Qxd2 f5 23. a4 Qg5 24. Ba3 Rfe8 25. Bc5 e5 26. Qd3 e4 27. Qe2 Re6
28. Kh1 Rg6 29. f3 f4 30. exf4 Qxf4 31. fxe4 Re8 32. Qf3 Rxe4 33. Rxe4 Qxe4 34.
Qxe4 dxe4 35. Re1 Rf6 36. d5 Na5 37. b4 Nc4 38. Rxe4 Rf1+ 39. Bg1 Nd2 40. Re2
Nc4 41. Re4 Nd6 42. Rd4 Nf5 43. Rd3 Nd6 44. h3 Ne4 45. Kh2 Nd6 46. Bc5 Rf6 47.
a5 Ne4 48. Be7 Nf2 49. Rf3 Rxf3 50. gxf3 Kf7 51. Bc5 Nd3 52. Kg3 g6 53. f4 h5
54. Kf3 Kf6 55. Ke4 1-0

[Event "2022 Harris Edwardes Interclub Competition (Division B)"]
[Site "Leeming, Perth WA AUS"]
[Date "2022.08.21"]
[Round "2"]
[White "Gupta, Anoushka"]
[Black "King, David"]
[Result "0-1"]
[EventDate "2022.08.21"]
[EventRounds "4"]
[EventType "team"]
[Section "Division B (Major): U1950"]
[Stage "Preliminary Rounds: Group 2"]
[Board "4"]
[TimeControl "3600+10"]
[WhiteElo "881"]
[BlackElo "1873"]
[WhiteTeam "Perth Chess Academy B"]
[BlackTeam "Southern Suburbs Chess Club B"]
[PlyCount "58"]

1. e4 e5 2. Nf3 Nc6 3. Nc3 Nf6 4. Bb5 Bd6 5. d4 Bb4 6. Bg5 h6 7. Bh4 g5 8. Bxc6
dxc6 9. Bg3 Nxe4 10. Qd3 Bf5 11. Qe3 O-O 12. O-O exd4 13. Nxd4 Bc5 14. Rad1
Nxg3 15. fxg3 Re8 16. Qf2 Bg6 17. Kh1 Qe7 18. Nce2 Rad8 19. c3 Bb6 20. Nf5 Bxf5
21. Qxf5 Rxd1 22. Rxd1 Qxe2 23. Rf1 Qe6 24. Qf3 Qxa2 25. h4 Qd5 26. Qh5 Kg7 27.
hxg5 hxg5 28. Qg4 Rh8+ 29. Qh3 Rxh3# 0-1

[Event "2022 Harris Edwardes Interclub Competition (Division B)"]
[Site "Leeming, Perth WA AUS"]
[Date "2022.08.21"]
[Round "2"]
[White "Garang, Kuol Awan"]
[Black "Gough, Dylan"]
[Result "1-0"]
[EventDate "2022.08.21"]
[EventRounds "4"]
[EventType "team"]
[Section "Division B (Major): U1950"]
[Stage "Preliminary Rounds: Group 2"]
[Board "5"]
[TimeControl "3600+10"]
[WhiteElo "1645"]
[BlackElo "1710"]
[WhiteTeam "Perth Chess Club B2"]
[BlackTeam "Southern Suburbs Chess Club B"]
[PlyCount "45"]

1. e4 c6 2. f4 d5 3. e5 Bf5 4. d3 h6 5. c3 e6 6. Nf3 Nd7 7. a4 f6 8. d4 c5 9.
Nh4 Ne7 10. Nxf5 exf5 11. e6 Nb6 12. Bb5+ Nc6 13. Qh5+ Ke7 14. Qf7+ Kd6 15.
dxc5+ Kxc5 16. b3 Nxa4 17. Bxa4 Kb6 18. Be3+ Bc5 19. Bxc5+ Kxc5 20. Qxb7 Qb6
21. Bxc6 Qxc6 22. Ra5+ Kd6 23. Ra6 1-0

[Event "2022 Harris Edwardes Interclub Competition (Division B)"]
[Site "Leeming, Perth WA AUS"]
[Date "2022.08.28"]
[Round "3"]
[White "Davoll, Josh"]
[Black "McGinty, Aidan"]
[Result "1/2-1/2"]
[EventDate "2022.08.21"]
[EventRounds "4"]
[EventType "team"]
[Section "Division B (Major): U1950"]
[Stage "Preliminary Rounds: Group 2"]
[Board "1"]
[TimeControl "3600+10"]
[WhiteElo "1914"]
[BlackElo "1892"]
[WhiteTeam "Perth Chess Club B2"]
[BlackTeam "Southern Suburbs Chess Club B"]
[PlyCount "58"]

1. e4 d5 2. exd5 Qxd5 3. Nf3 Bf5 4. d4 c6 5. Be2 Nf6 6. O-O e6 7. c4 Qa5 8. Bf4
Nbd7 9. Nc3 Be7 10. a3 Nh5 11. b4 Qb6 12. Be3 Qc7 13. Rc1 Rd8 14. d5 Nb6 15.
Bxb6 axb6 16. Nd4 Nf6 17. Nxf5 exf5 18. Bf3 O-O 19. Qc2 g6 20. Rfe1 Rfe8 21. g3
f4 22. Kg2 fxg3 23. hxg3 Bf8 24. Ne4 Nxe4 25. Rxe4 Rxe4 26. Bxe4 c5 27. b5 Qe5
28. Qd3 Re8 29. Bf3 Ra8 1/2-1/2

[Event "2022 Harris Edwardes Interclub Competition (Division B)"]
[Site "Leeming, Perth WA AUS"]
[Date "2022.08.28"]
[Round "3"]
[White "Clarke, Daniel"]
[Black "Pimenov, Alex"]
[Result "0-1"]
[EventDate "2022.08.21"]
[EventRounds "4"]
[EventType "team"]
[Section "Division B (Major): U1950"]
[Stage "Preliminary Rounds: Group 2"]
[Board "2"]
[TimeControl "3600+10"]
[WhiteElo "1784"]
[BlackElo "1784"]
[WhiteTeam "Perth Chess Club B2"]
[BlackTeam "Perth Chess Academy B"]
[PlyCount "92"]

1. e4 c5 2. Nf3 d6 3. d4 cxd4 4. Nxd4 Nf6 5. Nc3 g6 6. Be3 Bg7 7. f3 Bd7 8. Qd2
Nc6 9. O-O-O O-O 10. Bc4 Ne5 11. Bb3 Qa5 12. Kb1 Rfc8 13. g4 Nc4 14. Bxc4 Rxc4
15. Nb3 Qc7 16. h4 a5 17. h5 g5 18. h6 Bh8 19. Bxg5 a4 20. Bxf6 Bxf6 21. Nd5
axb3 22. cxb3 Qc8 23. Nxf6+ exf6 24. bxc4 Qxc4 25. b3 Qb5 26. Qd5 Qe2 27. Rd2
Qxf3 28. e5 Qxd5 29. Rxd5 Bc6 30. Rhd1 Bxd5 31. Rxd5 dxe5 32. Kc2 Kf8 33. a4
Ke7 34. Rb5 Rc8+ 35. Kd3 Rc7 36. Rb6 Rd7+ 37. Ke4 Rd4+ 38. Kf3 Rd7 39. Ke4 Rc7
40. Kf5 Rd7 41. Rxf6 e4 42. Rb6 e3 43. Rb4 Rd6 44. Rxb7+ Kd8 45. Rb4 e2 46. Re4
Re6 0-1

[Event "2022 Harris Edwardes Interclub Competition (Division B)"]
[Site "Leeming, Perth WA AUS"]
[Date "2022.08.28"]
[Round "3"]
[White "King, David"]
[Black "Gupta, Aarnav"]
[Result "1-0"]
[EventDate "2022.08.21"]
[EventRounds "4"]
[EventType "team"]
[Section "Division B (Major): U1950"]
[Stage "Preliminary Rounds: Group 2"]
[Board "3"]
[TimeControl "3600+10"]
[WhiteElo "1873"]
[BlackElo "1222"]
[WhiteTeam "Southern Suburbs Chess Club B"]
[BlackTeam "Perth Chess Academy B"]
[PlyCount "43"]

1. e4 c6 2. d4 d5 3. Nc3 dxe4 4. Nxe4 Nd7 5. Nf3 Ngf6 6. Ng3 e6 7. Bd3 Be7 8.
O-O O-O 9. Re1 Re8 10. c3 Nf8 11. a4 a5 12. Bc2 c5 13. Ne4 cxd4 14. Nxd4 b6 15.
Nc6 Qc7 16. Nxe7+ Qxe7 17. Bg5 N8d7 18. Qd3 Nf8 19. Qf3 N8d7 20. Nxf6+ Nxf6 21.
Bxf6 Qxf6 22. Qxa8 1-0

[Event "2022 Harris Edwardes Interclub Competition (Division B)"]
[Site "Leeming, Perth WA AUS"]
[Date "2022.08.28"]
[Round "3"]
[White "Gough, Dylan"]
[Black "Smith, Jonathan"]
[Result "1-0"]
[EventDate "2022.08.21"]
[EventRounds "4"]
[EventType "team"]
[Section "Division B (Major): U1950"]
[Stage "Preliminary Rounds: Group 2"]
[Board "4"]
[TimeControl "3600+10"]
[WhiteElo "1710"]
[BlackElo "1663"]
[WhiteTeam "Southern Suburbs Chess Club B"]
[BlackTeam "Perth Chess Club B2"]
[PlyCount "101"]

1. d4 d5 2. c4 c6 3. e3 Nf6 4. Nc3 Bf5 5. cxd5 Nxd5 6. Bd3 Bxd3 7. Qxd3 e6 8.
Nxd5 exd5 9. Nf3 Bb4+ 10. Bd2 Bxd2+ 11. Nxd2 O-O 12. O-O Re8 13. Rad1 Nd7 14.
Rfe1 Nf6 15. f3 Qb6 16. Nb3 Re7 17. Re2 Rae8 18. Rde1 h5 19. Kh1 Qc7 20. Nd2 c5
21. dxc5 Qxc5 22. b3 h4 23. Nf1 Nh5 24. Rd1 Re5 25. Rc2 Qd6 26. f4 Re4 27. Qxd5
Qg6 28. Rc5 Qg4 29. Qxh5 Qe6 30. Qxh4 g6 31. Rd8 Qa6 32. Rxe8+ Rxe8 33. Qf2 Qd6
34. Qc2 Qf6 35. Rc8 Rd8 36. Rxd8+ Qxd8 37. h3 a6 38. Nd2 Qb6 39. Qe4 Kh7 40.
Nc4 Qc7 41. f5 b5 42. Ne5 Kg7 43. fxg6 f6 44. Nd3 a5 45. Nf4 Qd7 46. Nh5+ Kh6
47. Nxf6 Qd1+ 48. Kh2 Qd6+ 49. Qf4+ Qxf4+ 50. exf4 Kg7 51. Nd5 1-0